Szczegóły MARC21

Inżynieria oprogramowania /

003 -Nazwa inst., której nr kontr. jest w polu 001 [,]
    • @
    • Nazwa instytucji, której n kontrolny jest w polu 001
    • NUKAT
005 -DATA I CZAS OSTATNIEJ MODYFIKACJI [,]
    • @
    • pole kontrolne
    • 20241231101107.0
020 -Międzynarod. znormalizowany nr książki - ISBN [ , ]
    • a
    • Numer ISBN
    • 9788301161798 Find
040 -Instytucja sporządzająca opis [ , ]
    • a
    • Instytucja, która sporządziła opis (NP)
    • SZCZ 004/MJ
    • b
    • Język katalogowania
    • pol
    • e
    • Zasady katalogowania
    • rda
    • c
    • Instytucja, która sporządziła rekord (NP)
    • SZCZ 004/MJ
    • d
    • Instytucja, która zmodyfikowała rekord (P)
    • GL 001/FAK
942 -Rodzaj dokumentu [ , ]
    • c
    • Rodzaj dokumentu
    • Książka
100 -Hasło główne - nazwa osobowa [1, ]
    • a
    • Nazwa osobowa (NP)
    • Sacha, Krzysztof.
    • e
    • Rodzaj współpracy
    • Autor
    • 9
    • KHW
    • 538797
245 -Strefa tytułu i oznaczenia odpowiedzialności [1,0]
    • a
    • Tytuł
    • Inżynieria oprogramowania / Find
    • c
    • Pozostałe elementy strefy tytułu i oznaczenia odpowiedzialności (NP)
    • Krzysztof Sacha.
250 -Strefa wydania [ , ]
    • a
    • Oznaczenie wydania (NP)
    • Wydanie pierwsze.
260 -Strefa adresu wydawniczego [ , ]
    • a
    • Miejsce wydania (P)
    • Warszawa :
    • b
    • Nazwa wydawcy (P)
    • Wydawnictwo Naukowe PWN,
    • c
    • Data wydania (P)
    • 2010.
300 -Strefa opisu fizycznego [ , ]
    • a
    • Określenie formy książki i/lub objętość (NP)
    • 417 stron :
    • b
    • Oznaczenie ilustracji (NP)
    • ilustracje ;
    • c
    • Format (NP)
    • 24 cm.
336 -Typ zawartości [ , ]
    • a
    • Termin opisujący typ zawartości
    • Tekst
    • b
    • Kod określający zawartość
    • txt
    • 2
    • Źródło (terminu i kodu)
    • rdacontent
337 -Typ mediów [ , ]
    • a
    • Tryb odtwarzania
    • Bez urządzenia pośredniczącego
    • b
    • Kod typu mediów
    • n
    • 2
    • Źródło (terminu i kodu)
    • rdamedia
338 -Typ/rodzaj nośnika [ , ]
    • a
    • Hasło opisujące typ nośnika
    • Wolumin
    • b
    • Kod typu nośnika
    • nc
    • 2
    • Źródło (terminu i kodu)
    • rdacarrier
490 -Strefa serii i książki wielotomowej - forma nie do wyszukiwania [1, ]
    • a
    • Tytuł (P)
    • Fundamenty Informatyki Find
830 -Hasło dodatkowe serii i opisu książki wielotomowej - tytuł ujednolicony/tytuł [ ,0]
    • a
    • Tytuł ujednolicony/tytuł (NP)
    • Fundamenty Informatyki
    • 9
    • KHW
    • 15467
504 -Uwaga dot. bibliogr. załącznikowej [ , ]
    • a
    • Uwaga dot. bibliografii załącznikowej
    • Bibliografia na stronach 394-409. Indeks.
521 -Uwaga dot. przeznaczenia czytelniczego [8, ]
    • a
    • Uwaga dot. przeznaczenia czytelniczego
    • Dla szerokiego kręgu odbiorców związanych z przemysłem informatycznym oraz studentów wszystkich typów szkół wyższych kształcących w kierunku informatyka.
080 -Uniwersalna Klasyfikacja Dziesiętna [ , ]
    • 2
    • Identyfikator wydania tablic
    • UDC-P058
    • 9
    • UKD
    • 2082
    • a
    • Symbol klasyfikacji
    • 004.41
    • b
    • Dopowiedzenie
    • Inżynieria oprogramowania.
    • 4
    • UKD2
    • 8594
    • x
    • Poddział wspólny
    • (07)
    • c
    • Dopowiedzenie poddz. wspólnego
    • (Wydawnictwa dydaktyczne. Podręczniki).
650 -Hasło przedmiotowe [ ,7]
    • a
    • Hasło przedmiotowe
    • Inżynieria oprogramowania
    • v
    • Określnik formalny
    • podręczniki.
    • 2
    • Źródło terminu
    • kaba
    • 9
    • KHW
    • 385476
980 -Symbol UKD [ , ]
    • a
    • UKD
    • 004.41(07)
710 -Hasło dodatkowe - nazwa ciała zbiorowego [2, ]
    • a
    • Nazwa ciała zbiorowego lub nazwa geograficzna jako pierwszy element (NP)
    • Wydawnictwo Naukowe PWN.
    • e
    • Rodzaj współpracy
    • Wydawca
    • 4
    • Kod relacji
    • pbl
    • 9
    • KHW
    • 52648
920 -ISBN [ , ]
    • a
    • ISBN
    • 978-83-01-16179-8 Find
Numer inwentarzowy Status udost. Lokalizacja Data inwentaryzacji Sygnatura
E.72907-2BE2010-12-07 
N.196871BG2010-07-14Informatyka.